000 00892nab a2200265 u 4500
001 15907
003 HDC
007 cr bn ---aaaaa
008 210201b20140604my ||||| |||| 00| 0 may d
040 _aHDC
100 _aSuzaini Sulaiman,
_eauthor
_915906
245 0 _aHarum malam dapat sambutan /
_cSuzaini Sulaiman
260 _aKuala Lumpur :
_bThe New Straits Times Press (M) Bhd.,
_c2014
300 _a1 online resource
336 _atext
_2rdacontent
337 _acomputer
_2rdamedia
338 _aonline resource
_2rdacarrier
650 _aHalal food
_xHerbs
_915907
650 _aSmall business
_9208
710 _aHarian Metro,
_eissung body
856 _zRequest full-text at [email protected]
942 _2lcc
942 _cNEWS
942 _kNWSC 006442
999 _c13223
_d13223